01138nam a22002657a 4500001000500000005001700005020001800022040003500040050001700075082000900092100004200101245008600143250003500229260003500264300004100299490003300340505000800373520028300381521002000664521002000684650006300704650003100767650003200798655004200830140220231116121638.0 a9780590426886 aDLCcDLCdDLCdOCoLCdDLCbeng00aPZ7.W244bYe aFic 1 aWarner, Gertrude Chandlerd1890-1979.14aThe yellow house mysterycby Warner, Gertrude Chandler, illustrated by Mary Gehr. aThis edition published in 1981 aNew York :bScholastic, c1953 a191 pages :billustrations ;c20 cm  aThe boxcar children vBook 3 aO  aRelates the exploits of the four Alden children as they locate a missing man. The Boxcar children are determined to solve the mystery that surrounds an old yellow house on their grandfather's property. Strange things have happened in that house where long ago a man disappeared. a620 bLexile  aO bRaz-Plus  0aBoxcar children (Fictitious characters)vJuvenile fiction. 0aOrphansvJuvenile fiction. 0aFamiliesvJuvenile fiction. 7aDetective and mystery stories.2gsafd